Spell the Marvel Character #201 - Statistics

General Stats
  • This quiz has been taken 22 times
  • The average score is 7 of 9
Answer Stats
Picture Answer % Correct
Hulk
100%
Silver Surfer
100%
Thing
100%
Nightcrawler
90%
Gorilla-Man
75%
Outlaw
75%
Lockheed
70%
Longshot
65%
Old Lace
50%
No matching quizzes found
Score Distribution
Percent of People with Each Score
Percentile by Number Answered
Your Score History
You have not taken this quiz